| 000 | 00923cam a22003013a 4500 | ||
|---|---|---|---|
| 001 | 14789 | ||
| 003 | PGUSA | ||
| 005 | 20140828083321.0 | ||
| 008 | 050124s2005||||xxu|||||s|||||000 1 eng d | ||
| 040 |
_aPGUSA _beng |
||
| 042 | _adc | ||
| 050 | 4 | _aPR | |
| 100 | 1 |
_aDickens, Charles, _d1812-1870 |
|
| 245 | 1 | 0 |
_aAventures de Monsieur Pickwick, Vol. II _h[electronic resource] / _cCharles Dickens |
| 260 |
_bProject Gutenberg, _c2005 |
||
| 506 | _aPublic domain in the USA. | ||
| 516 | _aElectronic text | ||
| 653 | _aMale friendship -- Fiction | ||
| 653 | _aMen -- Societies and clubs -- Fiction | ||
| 653 | _aEngland -- Social life and customs -- 19th century -- Fiction | ||
| 653 | _aEngland -- Fiction | ||
| 653 | _aHumorous stories | ||
| 700 | 1 | _aGrolier, P. | |
| 740 | 0 | _aPickwick papers. French | |
| 830 | 0 |
_aProject Gutenberg _v14789 |
|
| 856 | 4 | 0 | _uhttp://www.gutenberg.org/ebooks/14789 |
| 942 | _cEB | ||
| 999 |
_c244044 _d244044 |
||